1534 1235 1295 1886 1862 1520 1911 1509 1730 1694 1378 1998 1569 1734 1554 1350 1560 1392 1643 1102 1043 1340 1760 1127 1426 1938 1363 1313 1749 1535 1126 1389 1470 1542 1060 1617 1267 1058 1808 1516 1006 1036 1389 1302 1396 1439 1722 1209 1611 1304 1396 1776 1879 1689 1018 1919 1658 1395 1304 1184 1534 1222 1453 1446 1183 1735 1671 1241 1344 1235 1135 1388 1109 1840 1479 1114 1647 1268 1769 1163 1465 1530 1408 1686 1703 1114 1075 1631 1285 1599 1494 1778 1050 1240 1761 1771 1302 1362 1073 BCNSPRNW ULIB Ver.6.0+V

เปลี่ยนเป็นภาษาไทย

Change to English
 แสดงรายละเอียดบรรณานุกรม
  กลับหน้าหลัก

Brief Record : Get Marc (ISO 2709) : E-mail record : QR code < ปิดหน้าต่าง
LEADER : 00000nam 2200000uu 4500
001    13399111164
003     ULIB
008    110617s2545||||th 000 0 tha d
020    9740410685
060 04 BF637.B4^bศ631จ 2545
100 0  ศิริรัตน์ คุปติวุฒิ
245 10 จิตวิทยาครอบครัวการให้การปรึกษาครอบครัวและครอบครัวบำบัดเบื้องต้น /^cศิริรัตน์ คุปติวุฒิ
250    พิมพ์ครั้งที่ 1
260    กรุงเทพฯ :^bภาควิชาจิตเวชศาสตร์ คณะแพทยศาสตร์ศิริราชพยาบาลมหาวิทยาลัยมหิดล,^c2545
300    [13], 190 หน้า ;^c19 ซม.
650  7 การให้คำปรึกษา
650  7 ครอบครัว
650  7 จิตบำบัด
650  7 จิตวิทยา
650  7 จิตวิทยาประยุกต์
653    ผลงานอาจารย์คณะแพทยศาสตร์ศิริราชพยาบาล
710    มหาวิทยาลัยมหิดล.^bคณะแพทยศาสตร์ศิริราชพยาบาล.^bภาควิชาจิตเวชศาสตร์
945    ^p150^l0^i018804
945    ^p150^l0^i018784
945    ^p150^l0^i018783
945    ^p150^l0^i018782
995    ทศพร
999 ^a ใช้งานได้ทุกระบบ
รายการนี้ยังไม่มีแท็ก
คุณยังไม่ได้ล็อกอิน คุณสามารถมีกิจกรรมร่วมกับเว็บไซต์ได้ แต่ต้องล็อกอินก่อน ::
  ล็อกอิน

รายการสื่อสารสนเทศ

ลำดับที่ ประเภท เลขเรียก/บาร์โค้ด สถานที่ สถานะ
- ไม่พบข้อมูล -

รายการใกล้เคียง
    หัวเรื่อง [การให้คำปรึกษา]
    หัวเรื่อง [ครอบครัว]
    หัวเรื่อง [จิตบำบัด]
    หัวเรื่อง [จิตวิทยา]
    หัวเรื่อง [จิตวิทยาประยุกต์]

BibComment


ยังไม่เคยถูกคอมเมนท์

คอมเมนท์ทรัพยากรรายการนี้
  คอมเมนท์: จิตวิทยาครอบครัวก..


 Copyright 2026. Bcnsprnw @Library